000 01001nam a2200253 a 4500
001 adlib96000001
003 ViArRB
005 200902210153555.7
008 960221s1955 dcuabcdjdbkoqu001 0deng d
020 _a
022 _a
040 _aAdlib
082 _a539.216:532.59
245 _aDynamics of nonlinear waves on superfluid helium films
250 _a
260 _aCochin
_bDept. of physics
_c1990
300 _av. 107p.
_c
500 _a Thesis (Ph.D), University of Cochin, 1990, Guide: V M Nandakumaran
100 _aSreekumar, J
_e
700 _a
_a
942 _cREF
653 _aThin films
_aLight
_aPhotometry
_aOptics
_aColour
_aOptical storage devices
_aSpectrum analysis
_aPhosphoresence
_aSpectroscopy
_aPhysics
_aOptical physics
_aLight
_aPhotometry
_aOptics
_aColour
_aOptical storage devices
_aSpectrum analysis
_aPhosphoresence
_aSpectroscopy
_aPhysics
952 _w2010-06-16
_pG0004215
_r2010-06-16
_40
_00
_bUL
_10
_o539.216:532.59 SRE T
_d2010-06-16
_70
_yREF
_aUL
999 _c14537
_d14536